| 000 | 00701aam a2200277 4500 | ||
|---|---|---|---|
| 005 | 20260304185410.0 | ||
| 008 | 150721b1999 xxu||||| |||| 00| 0 spa d | ||
| 020 | _a9682459613 | ||
| 041 | _aESP | ||
| 082 | _a364.106 N176l2 | ||
| 100 | _aNando Lefort, Víctor Manuel | ||
| 245 | _aEl lavado de dinero: nuevo problema para el campo | ||
| 260 | _aMéxico | ||
| 260 | _bTrillas | ||
| 260 | _c1999 | ||
| 300 | _a136 páginas | ||
| 490 | _aInvestigación Criminal | ||
| 650 | _aNARCOTRAFICO | ||
| 650 | _aLAVADO DE DINERO | ||
| 650 | _aDEPOSITOS BANCARIOS | ||
| 650 | _aILEGALIDAD | ||
| 650 | _aRIQUEZA | ||
| 650 | _aDINERO ILICITO | ||
| 650 | _aSECRETO BANCARIO | ||
| 942 |
_cBK _2ddc |
||
| 999 |
_c2001 _d2001 |
||